[Event "interzonal (w)"]
[Site "Chisinau MDA"]
[Date "1995.??.??"]
[Round "1"]
[White "Arakhamia, Ketevan"]
[Black "Tsoganova, Monika"]
[Result "1-0"]
[WhiteElo "2420"]
[BlackElo "2295"]
[EventDate "1995.09.??"]
[PlyCount "135"]

1.e4 c6 2.d4 d5 3.exd5 cxd5 4.c4 Nf6 5.Nc3 g6 6.cxd5 Bg7 7.Bb5+ Nbd7 8.d6 
exd6 9.Qe2+ Qe7 10.Bf4 Qxe2+ 11.Ngxe2 d5 12.Bd6 a6 13.Ba4 b5 14.Bb3 Nb6 
15.O-O Be6 16.Rfe1 Kd7 17.Bc5 Nc4 18.Nf4 Bh6 19.Nd3 Bd2 20.Re2 Bxc3 21.
bxc3 Ne4 22.Rc1 Rhc8 23.Bxc4 bxc4 24.Ne5+ Kc7 25.Ba3 Nd6 26.Nxf7 Bxf7 27.
Re7+ Kc6 28.Bxd6 Kxd6 29.Rxf7 Rc7 30.Rf6+ Ke7 31.Rb6 Raa7 32.Rcb1 Rd7 33.
g4 Kf7 34.Kf1 Kg7 35.a4 Rf7 36.Kg2 Rae7 37.R1b2 Re1 38.Rc2 Rf6 39.Rb7+ Rf7
40.Rb6 Rf6 41.Rb8 Rf8 42.Rb4 Ra1 43.h4 Rf7 44.g5 Re7 45.Rcb2 Rc1 46.Rb7 
Kf7 47.Rxe7+ Kxe7 48.Rb7+ Ke6 49.Rxh7 Rxc3 50.Ra7 Rd3 51.Rxa6+ Kf7 52.Ra7+
Ke6 53.Ra6+ Kf7 54.Rf6+ Kg7 55.Rd6 Rxd4 56.a5 c3 57.Rd7+ Kf8 58.Rc7 Rxh4 
59.Rxc3 Ke7 60.a6 Ke6 61.Ra3 Rh8 62.a7 Ra8 63.f4 Kd6 64.Ra5 Kc6 65.Kf3 Kd6
66.Ke3 Ke6 67.Ra6+ Kf5 68.Kf3 1-0

[Event "interzonal (w)"]
[Site "Chisinau MDA"]
[Date "1995.??.??"]
[Round "1"]
[White "Belakovskaia, Anjelina"]
[Black "Lin Ye"]
[Result "1/2-1/2"]
[WhiteElo "2345"]
[BlackElo "2205"]
[EventDate "1995.09.??"]
[PlyCount "122"]

1.d4 Nf6 2.Nf3 e6 3.c4 b6 4.g3 Bb7 5.Bg2 Be7 6.Nbd2 O-O 7.O-O c5 8.b3 cxd4
9.Nxd4 Bxg2 10.Kxg2 d5 11.Bb2 Qd7 12.cxd5 Qxd5+ 13.N2f3 Nc6 14.Rc1 Nxd4 
15.Qxd4 Qb7 16.Qf4 Rac8 17.Bxf6 Bxf6 18.Rxc8 Rxc8 19.Rc1 Rxc1 20.Qxc1 h6 
21.Qc2 Be7 22.e4 Bc5 23.Qc4 a5 24.Ne5 Bd6 25.Qc6 Qxc6 26.Nxc6 Kf8 27.Kf1 
Ke8 28.Ke2 Kd7 29.Nd4 Bc5 30.Kd3 Kd6 31.a4 g6 32.Nb5+ Kc6 33.Na7+ Kd7 34.
f3 f5 35.h3 Bf2 36.g4 fxg4 37.fxg4 Kd6 38.Nc8+ Ke5 39.Ne7 Kf6 40.Nc6 Kg5 
41.Ke2 Bc5 42.Kf3 h5 43.e5 Kh4 44.gxh5 Kxh5 45.Nd8 Kh4 46.Nxe6 Ba3 47.Kg2 
Bb2 48.Nf8 Kg5 49.e6 Kf6 50.e7 Kxe7 51.Nxg6+ Kd6 52.Kf3 Kc5 53.Nf4 Bh8 54.
Ke4 Kb4 55.Nd5+ Kxb3 56.Nxb6 Kb4 57.Kd5 Bf6 58.Nd7 Bh4 59.Nb6 Bf2 60.Kc6 
Bh4 61.Kb7 Bf2 1/2-1/2

[Event "interzonal (w)"]
[Site "Chisinau MDA"]
[Date "1995.??.??"]
[Round "1"]
[White "Berezina, Irina"]
[Black "Foisor, Cristina"]
[Result "0-1"]
[WhiteElo "2195"]
[BlackElo "2345"]
[EventDate "1995.09.??"]
[PlyCount "81"]

1.d4 Nf6 2.c4 g6 3.Nc3 Bg7 4.e4 d6 5.Nf3 O-O 6.h3 Na6 7.Be3 e5 8.d5 Nh5 9.
Nh2 Qe8 10.Be2 f5 11.exf5 Nf4 12.Bf3 Bxf5 13.Ne4 b6 14.g3 Nb4 15.Qb3 a5 
16.O-O-O Ne2+ 17.Kb1 Nd4 18.Bxd4 exd4 19.Rhe1 Qd8 20.Rd2 Na6 21.Qd1 Nc5 
22.Ka1 Bxe4 23.Bxe4 a4 24.Bd3 Qd7 25.Nf3 b5 26.cxb5 a3 27.Ng5 Nxd3 28.Rxd3
axb2+ 29.Kb1 Qxb5 30.f4 Qxd5 31.Qb3 Qxb3 32.Rxb3 Rfb8 33.Rd3 c5 34.Re7 Bf6
35.Rc7 Bxg5 36.fxg5 Rf8 37.Kxb2 Rf2+ 38.Kb3 Rfxa2 39.Kc4 R8a6 40.Rc6 Ra7 
41.Rc7 0-1

[Event "interzonal (w)"]
[Site "Chisinau MDA"]
[Date "1995.??.??"]
[Round "1"]
[White "Burtman, Sharon"]
[Black "Edzgveradze, Natalia"]
[Result "0-1"]
[WhiteElo "2065"]
[BlackElo "2320"]
[EventDate "1995.09.??"]
[PlyCount "74"]

1.d4 Nf6 2.c4 e6 3.g3 Bb4+ 4.Bd2 Qe7 5.Nc3 Nc6 6.Nf3 Bxc3 7.Bxc3 Ne4 8.Rc1
d6 9.Bg2 O-O 10.O-O Nxc3 11.Rxc3 e5 12.d5 Nb8 13.b4 a5 14.a3 f5 15.Qd2 Nd7
16.Rfc1 Nf6 17.Qc2 Bd7 18.Nd2 Qf7 19.Nb3 axb4 20.axb4 Qh5 21.Nd2 e4 22.Nf1
Rae8 23.Ra3 g5 24.f3 f4 25.fxe4 Bh3 26.Bxh3 Qxh3 27.Rf3 Nxe4 28.gxf4 Qg4+ 
29.Kh1 Kg7 30.h3 Qh4 31.Nh2 Ng3+ 32.Kg1 Nxe2+ 33.Kh1 Nxc1 34.Qxc1 Re1+ 35.
Rf1 Rxc1 36.Rxc1 Qf2 37.Rg1 Kh8 0-1

[Event "interzonal (w)"]
[Site "Chisinau MDA"]
[Date "1995.??.??"]
[Round "1"]
[White "Danielian, Elina"]
[Black "Ratcu, Tatiana"]
[Result "0-1"]
[WhiteElo "2320"]
[BlackElo "2080"]
[EventDate "1995.09.??"]
[PlyCount "76"]

1.d4 Nf6 2.Nf3 e6 3.Bg5 Be7 4.Nbd2 b6 5.e4 c5 6.c3 O-O 7.Bd3 h6 8.Bxf6 
Bxf6 9.e5 Be7 10.Qe2 Bb7 11.h4 cxd4 12.cxd4 d6 13.h5 Nd7 14.O-O dxe5 15.
dxe5 Nc5 16.Bc4 Rc8 17.Rac1 Bg5 18.Rc3 Bf4 19.Rd1 Qe7 20.b4 Na6 21.Ne4 
Nxb4 22.Nd6 Rc5 23.Nxb7 Qxb7 24.Rd4 Bg5 25.Nxg5 hxg5 26.Rg3 Nc6 27.Re4 Qe7
28.Qe3 Rd8 29.Rxg5 Rd1+ 30.Kh2 Nxe5 31.Rgxe5 Rxc4 32.Qd3 Qd6 33.Re3 Rcc1 
34.Kh3 Rh1+ 35.Kg4 Qd4+ 36.f4 f5+ 37.Rxf5 exf5+ 38.Kg5 Qf6# 0-1

[Event "interzonal (w)"]
[Site "Chisinau MDA"]
[Date "1995.??.??"]
[Round "1"]
[White "Gaponenko, Inna"]
[Black "Kiseleva, Natalia"]
[Result "1-0"]
[WhiteElo "2365"]
[BlackElo "2260"]
[EventDate "1995.09.??"]
[PlyCount "92"]

1.e4 e6 2.d4 d5 3.Nc3 Nf6 4.Bg5 Be7 5.e5 Nfd7 6.Bxe7 Qxe7 7.f4 a6 8.Nf3 b6
9.Qd2 Qb4 10.a3 Qe7 11.Nd1 c5 12.c3 Nc6 13.Bd3 Bb7 14.Bc2 Na5 15.b3 f5 16.
exf6 gxf6 17.O-O O-O-O 18.Re1 Qd6 19.Nf2 Rde8 20.Re2 Re7 21.Rae1 Rhe8 22.
Ng4 Nc6 23.b4 cxd4 24.cxd4 Kb8 25.g3 Ka7 26.Bd3 h5 27.Ne3 f5 28.b5 axb5 
29.Bxb5 Nf6 30.Qb2 Ne4 31.Nc2 Rg8 32.Bxc6 Qxc6 33.Na1 Qd6 34.Ne5 h4 35.Rb1
Ka8 36.Nc6 Bxc6 37.Rxe4 Bb7 38.Re3 hxg3 39.hxg3 Reg7 40.Qxb6 Qxb6 41.Rxb6 
Rxg3+ 42.Rxg3 Rxg3+ 43.Kf2 Rxa3 44.Rxe6 Kb8 45.Re7 Ra2+ 46.Kg3 Rd2 1-0

[Event "interzonal (w)"]
[Site "Chisinau MDA"]
[Date "1995.??.??"]
[Round "1"]
[White "Ioseliani, Nana"]
[Black "Bobrowska, Monika"]
[Result "1-0"]
[WhiteElo "2475"]
[BlackElo "2310"]
[EventDate "1995.09.??"]
[PlyCount "25"]

1.d4 Nf6 2.Nf3 g6 3.g3 Bg7 4.Bg2 O-O 5.O-O d6 6.b3 Nbd7 7.Bb2 c6 8.c4 Qe8 
9.Nc3 e5 10.e4 exd4 11.Nxd4 Nc5 12.Re1 a5 13.Nc2 1-0

[Event "interzonal (w)"]
[Site "Chisinau MDA"]
[Date "1995.??.??"]
[Round "1"]
[White "Jezierska, Ivona"]
[Black "Radu, Elena-Luminita"]
[Result "0-1"]
[WhiteElo "2085"]
[BlackElo "2330"]
[EventDate "1995.09.??"]
[PlyCount "124"]

1.e4 e6 2.d3 d5 3.Nd2 c5 4.g3 Nc6 5.Bg2 g6 6.Ne2 Bg7 7.O-O Nge7 8.f4 e5 9.
Kh1 O-O 10.c3 Be6 11.fxe5 Nxe5 12.d4 cxd4 13.Nxd4 Bc8 14.Qb3 Ng4 15.N2f3 
h6 16.e5 g5 17.h4 gxh4 18.Nxh4 Nxe5 19.Nhf5 Nxf5 20.Nxf5 Bxf5 21.Rxf5 Qd7 
22.Rf4 Rad8 23.Be3 Ng6 24.Rb4 b6 25.Rd1 Qe7 26.Bd4 Qg5 27.Bxg7 Kxg7 28.Kh2
Qh5+ 29.Kg1 Rfe8 30.Qc2 Re3 31.g4 Qe5 32.Qf5 Re1+ 33.Rxe1 Qxe1+ 34.Qf1 Qe5
35.Qf2 Qg5 36.Rd4 Rd6 37.Qd2 Qxd2 38.Rxd2 Ne5 39.Rd4 Rg6 40.Kf2 Nxg4+ 41.
Ke2 Nf6 42.Bf3 Rg5 43.Ra4 Re5+ 44.Kd3 Re7 45.Kd4 Rd7 46.Ke5 Kg6 47.Rf4 
Re7+ 48.Kd6 Re6+ 49.Kc7 Re3 50.Bd1 Kg5 51.Ra4 Re7+ 52.Kb8 a5 53.b4 axb4 
54.Rxb4 h5 55.Kc8 Re6 56.a4 h4 57.Kb7 h3 58.Rb2 Ne4 59.Rxb6 Nc5+ 60.Kc7 
Rxb6 61.Kxb6 Nxa4+ 62.Kc6 Kf4 0-1

[Event "interzonal (w)"]
[Site "Chisinau MDA"]
[Date "1995.??.??"]
[Round "1"]
[White "Kachiani-Gersinska, Ketino"]
[Black "Petrenko, Svetlana"]
[Result "1-0"]
[WhiteElo "2360"]
[BlackElo "2250"]
[EventDate "1995.09.??"]
[PlyCount "58"]

1.d4 Nf6 2.c4 g6 3.Nc3 d5 4.Bf4 Bg7 5.e3 c6 6.Qb3 O-O 7.Nf3 Qa5 8.Nd2 Nbd7
9.Be2 Re8 10.O-O a6 11.Rfd1 Nh5 12.Bxh5 dxc4 13.Nxc4 Qxh5 14.Bg3 c5 15.a4 
cxd4 16.exd4 Qg5 17.a5 Ra7 18.d5 f5 19.f4 Qf6 20.d6 e6 21.Na4 Ra8 22.Rac1 
b5 23.axb6 Bb7 24.Ne5 Nxe5 25.fxe5 Qg5 26.d7 Rf8 27.Qxe6+ Kh8 28.Nc5 f4 
29.Nxb7 fxg3 1-0

[Event "interzonal (w)"]
[Site "Chisinau MDA"]
[Date "1995.??.??"]
[Round "1"]
[White "Khorava, Miranda"]
[Black "Qin Kanying"]
[Result "0-1"]
[WhiteElo "2270"]
[BlackElo "2370"]
[EventDate "1995.09.??"]
[PlyCount "98"]

1.Nf3 Nf6 2.c4 g6 3.Nc3 d5 4.cxd5 Nxd5 5.g3 Bg7 6.Bg2 O-O 7.d4 Nb6 8.O-O 
Nc6 9.e3 Re8 10.Qe2 e5 11.dxe5 Nxe5 12.Nxe5 Bxe5 13.f4 Bg7 14.e4 Be6 15.
Qf2 c6 16.Be3 Nc4 17.Rad1 Nxe3 18.Qxe3 Qb6 19.Qxb6 axb6 20.e5 f6 21.Ne4 
fxe5 22.Nd6 Red8 23.fxe5 Bxe5 24.Nxb7 Rxd1 25.Rxd1 Rxa2 26.Bxc6 Rxb2 27.
Nd8 Bg4 28.Bd5+ Kg7 29.Re1 Bd4+ 30.Kh1 Kf6 31.Nc6 Bc5 32.Ne5 Bh3 33.Nd3 
Rd2 34.Be4 Bd4 35.Nf4 Bd7 36.Bg2 Bg4 37.Nd5+ Kg7 38.h3 Rd1 39.Rxd1 Bxd1 
40.Be4 Kf7 41.Kg2 Ke6 42.Kf1 Ke5 43.Kg2 Bb3 44.Ne7 Kd6 45.Nc6 Bc4 46.Kh1 
Be3 47.g4 Bb5 48.Na7 Bd7 49.Bf3 Kc5 0-1

[Event "interzonal (w)"]
[Site "Chisinau MDA"]
[Date "1995.??.??"]
[Round "1"]
[White "Krupkova, Petra"]
[Black "Peng Zhaoqin"]
[Result "1/2-1/2"]
[WhiteElo "2210"]
[BlackElo "2355"]
[EventDate "1995.09.??"]
[PlyCount "69"]

1.d4 Nf6 2.c4 g6 3.Nc3 Bg7 4.e4 d6 5.f4 O-O 6.Nf3 c5 7.d5 e6 8.Be2 exd5 9.
cxd5 Re8 10.e5 dxe5 11.fxe5 Ng4 12.Bg5 f6 13.exf6 Bxf6 14.Qd2 Bxg5 15.Qxg5
Bf5 16.Qxd8 Rxd8 17.h3 Nf6 18.g4 Be4 19.g5 Bxf3 20.Bxf3 Ne8 21.O-O Nd6 22.
Bg4 Na6 23.Rae1 c4 24.Ne4 Nxe4 25.Rxe4 Nc7 26.Rxc4 Nxd5 27.Be6+ Kh8 28.Rf7
Rd6 29.Bxd5 Rxd5 30.Rxb7 Rxg5+ 31.Rg4 Rf5 32.Re4 Rd8 33.Re2 a5 34.Kg2 Rg5+
35.Kh2 1/2-1/2

[Event "interzonal (w)"]
[Site "Chisinau MDA"]
[Date "1995.??.??"]
[Round "1"]
[White "Kulish, Irina"]
[Black "Maric, Alisa"]
[Result "1/2-1/2"]
[WhiteElo "2300"]
[BlackElo "2445"]
[EventDate "1995.09.??"]
[PlyCount "58"]

1.e4 e5 2.Nf3 Nc6 3.Nc3 Nf6 4.Bb5 Nd4 5.Ba4 c6 6.d3 b5 7.Bb3 Nxb3 8.axb3 
d6 9.h3 Be7 10.O-O O-O 11.Ne2 Qc7 12.Ng3 d5 13.Nh2 Be6 14.Qf3 Rfd8 15.Nf5 
Bxf5 16.Qxf5 dxe4 17.dxe4 Rd4 18.Be3 Rdd8 19.Nf3 Nd7 20.Ng5 Bxg5 21.Bxg5 
Re8 22.Rfd1 Nf8 23.Be3 Ne6 24.Rd2 a5 25.Qg4 Red8 26.Rad1 Rxd2 27.Rxd2 a4 
28.bxa4 Rxa4 29.b3 Ra1+ 1/2-1/2

[Event "interzonal (w)"]
[Site "Chisinau MDA"]
[Date "1995.??.??"]
[Round "1"]
[White "Lomineishvili, Maia"]
[Black "Bojkovic, Natasa"]
[Result "1/2-1/2"]
[WhiteElo "2295"]
[BlackElo "2425"]
[EventDate "1995.09.??"]
[PlyCount "75"]

1.d4 Nf6 2.c4 e6 3.Nc3 Bb4 4.e3 O-O 5.Bd3 d5 6.cxd5 exd5 7.Ne2 Re8 8.O-O 
c6 9.f3 c5 10.a3 cxd4 11.exd4 Be7 12.Qc2 Nc6 13.Bg5 h6 14.Bh4 Be6 15.g4 
Qd7 16.Bf2 Bd6 17.Ng3 Rac8 18.Qd2 Rcd8 19.Kh1 a6 20.Rg1 Ne7 21.Be3 Ng6 22.
g5 hxg5 23.Bxg5 Be7 24.h4 Nh7 25.Rae1 Bxg5 26.hxg5 Qd6 27.Nh5 Bc8 28.Rxe8+
Rxe8 29.f4 Ngf8 30.f5 g6 31.Nf4 Bxf5 32.Bxf5 gxf5 33.Nfxd5 Ng6 34.Qh2 Qc6 
35.Qg2 f4 36.Rf1 Rd8 37.Re1 Qd7 38.Qg1 1/2-1/2

[Event "interzonal (w)"]
[Site "Chisinau MDA"]
[Date "1995.??.??"]
[Round "1"]
[White "Maksimovic, Suzana"]
[Black "Basagic, Vesna"]
[Result "0-1"]
[WhiteElo "2190"]
[BlackElo "2340"]
[EventDate "1995.09.??"]
[PlyCount "108"]

1.c4 e6 2.Nc3 Bb4 3.d4 f5 4.g3 Nf6 5.Bg2 O-O 6.Nf3 Ne4 7.Qc2 c5 8.O-O Bxc3
9.bxc3 Nc6 10.Rd1 Qa5 11.Bd2 Qa6 12.Be1 Na5 13.Ne5 d6 14.Nd3 Nxc4 15.dxc5 
Bd7 16.a4 d5 17.Qb3 Rab8 18.f3 Nf6 19.Bf2 b6 20.cxb6 axb6 21.Nb4 Qa5 22.
Ra2 Ra8 23.Rda1 Rfc8 24.Nd3 Be8 25.Qb4 Qa6 26.Bd4 Ra7 27.Kf2 Nd7 28.Qe7 
Nc5 29.Qg5 h6 30.Qf4 Nb3 31.h4 Nxa1 32.Rxa1 Qb7 33.Ne5 Rxa4 34.Rb1 b5 35.
g4 Qc7 36.gxf5 Nxe5 37.Qxe5 Qxe5 38.Bxe5 exf5 39.f4 Bc6 40.h5 Rca8 41.Bh3 
Ra1 42.Rxa1 Rxa1 43.Bxf5 Rh1 44.Bg6 Rh2+ 45.Ke3 Bd7 46.f5 Rh4 47.Kd3 Re4 
48.Bd6 b4 49.Bxb4 Bb5+ 50.Kd2 Rxe2+ 51.Kd1 Rf2 52.Bc5 Rf3 53.Bd4 Bd3 54.
Kd2 Bxf5 0-1

[Event "interzonal (w)"]
[Site "Chisinau MDA"]
[Date "1995.??.??"]
[Round "1"]
[White "Matveeva, Svetlana"]
[Black "Khurtsidze, Nino"]
[Result "1-0"]
[WhiteElo "2440"]
[BlackElo "2295"]
[EventDate "1995.09.??"]
[PlyCount "83"]

1.d4 d5 2.c4 e6 3.Nc3 Be7 4.Nf3 Nf6 5.Bg5 O-O 6.e3 Nbd7 7.Qc2 c5 8.cxd5 
cxd4 9.Nxd4 Nxd5 10.Bxe7 Nxe7 11.Be2 Nf6 12.O-O Bd7 13.Rfd1 Qb6 14.Bf3 e5 
15.Nb3 Rac8 16.Rd2 a5 17.Qd1 Rfd8 18.Rd6 Bc6 19.Bxc6 Nxc6 20.Na4 Qc7 21.
Rxd8+ Rxd8 22.Qe2 h6 23.Rc1 Nd5 24.a3 Nb6 25.Nc3 Nd7 26.h3 Qb6 27.Qc4 Ndb8
28.Na4 Qa6 29.Qxa6 Nxa6 30.Nac5 Nxc5 31.Nxc5 Rb8 32.Kf1 f6 33.Ke2 Kf7 34.
Rc3 Ke7 35.Rb3 Nd8 36.Rb6 Kf7 37.Kd3 Ke7 38.Kc4 Kf7 39.Rxb7+ Rxb7 40.Nxb7 
a4 41.Nc5 Ne6 42.Kd5 1-0

[Event "interzonal (w)"]
[Site "Chisinau MDA"]
[Date "1995.??.??"]
[Round "1"]
[White "Nikolin, Zorica"]
[Black "Zaitseva, Ludmila"]
[Result "1/2-1/2"]
[WhiteElo "2235"]
[BlackElo "2360"]
[EventDate "1995.09.??"]
[PlyCount "87"]

1.e4 e6 2.d4 d5 3.Nc3 Nf6 4.Bg5 Bb4 5.e5 h6 6.exf6 hxg5 7.fxg7 Rg8 8.h4 
gxh4 9.Qh5 Qf6 10.Qxh4 Qxg7 11.Nf3 Bd7 12.O-O-O Nc6 13.g3 a6 14.Bd3 Be7 
15.Qf4 Bd6 16.Qe3 O-O-O 17.Rh7 Qf6 18.Rdh1 Nb4 19.Be2 Rh8 20.Qg5 Qxg5+ 21.
Nxg5 Rxh7 22.Rxh7 f6 23.Nf7 Rf8 24.Nxd6+ cxd6 25.Bg4 f5 26.Bf3 Be8 27.a3 
Nc6 28.Ne2 Rf7 29.Rh8 Kd7 30.c3 Rg7 31.Nf4 Bf7 32.Nh5 Bxh5 33.Rxh5 Ne7 34.
Rh8 Ng8 35.Kd2 Nf6 36.Rf8 Ne4+ 37.Bxe4 dxe4 38.Rh8 Kc6 39.Rc8+ Kd7 40.Rh8 
Rg6 41.Ke3 Kc6 42.Rc8+ Kd7 43.Rh8 Rg7 44.Rb8 1/2-1/2

[Event "interzonal (w)"]
[Site "Chisinau MDA"]
[Date "1995.??.??"]
[Round "1"]
[White "Sakhatova, Elvira"]
[Black "Calzetta Ruiz, Monica"]
[Result "0-1"]
[WhiteElo "2340"]
[BlackElo "2130"]
[EventDate "1995.09.??"]
[PlyCount "130"]

1.e4 c5 2.Nf3 g6 3.d4 cxd4 4.Nxd4 Nf6 5.Nc3 Nc6 6.Nb3 Bg7 7.Be2 O-O 8.O-O 
a6 9.f4 d6 10.Bf3 Be6 11.Kh1 Rb8 12.Be3 Qc8 13.a4 b5 14.axb5 axb5 15.Nd5 
Rb7 16.Nb6 Qc7 17.Na8 Qc8 18.e5 Ng4 19.Bg1 dxe5 20.Nc5 Rd8 21.Qe1 Rb8 22.
Nb6 Rxb6 23.Nxe6 Qxe6 24.Bxb6 Rc8 25.c3 h5 26.h3 Nh6 27.Rd1 exf4 28.Qxe6 
fxe6 29.Rfe1 Kf7 30.Bxc6 Rxc6 31.Bd4 Nf5 32.Bxg7 Kxg7 33.Kg1 Kf6 34.Re4 g5
35.Rd8 Ra6 36.Rd2 Ra1+ 37.Kf2 Ne3 38.Rxe3 fxe3+ 39.Kxe3 Ke5 40.Kd3 Re1 41.
c4 bxc4+ 42.Kxc4 Ke4 43.Rc2 e5 44.b4 Ke3 45.Rb2 e4 46.b5 Rc1+ 47.Kd5 e6+ 
48.Ke5 Rc5+ 49.Kxe6 Kd3 50.b6 Rc8 51.Kd7 Rb8 52.Kc7 Rf8 53.b7 e3 54.b8=Q 
Rxb8 55.Rxb8 e2 56.Re8 Kd2 57.Kd6 h4 58.Re5 e1=Q 59.Rxg5 Qf2 60.Rg4 Qf6+ 
61.Kd5 Ke3 62.Re4+ Kf2 63.Rg4 Qe7 64.Kd4 Qe6 65.Kd3 Qd5+ 0-1

[Event "interzonal (w)"]
[Site "Chisinau MDA"]
[Date "1995.??.??"]
[Round "1"]
[White "Semenova, Lidia"]
[Black "Galliamova-Ivanchuk, Alisa"]
[Result "0-1"]
[WhiteElo "2310"]
[BlackElo "2475"]
[EventDate "1995.09.??"]
[PlyCount "122"]

1.d4 d5 2.Nf3 Nf6 3.e3 g6 4.Bd3 Bg7 5.Nbd2 O-O 6.h3 b6 7.Qe2 c5 8.c3 Bb7 
9.O-O Ne4 10.Rd1 Qc8 11.Nf1 Nd7 12.Bd2 e5 13.dxe5 Nxd2 14.Rxd2 Nxe5 15.
Nxe5 Bxe5 16.Bc2 Qc6 17.f4 Bg7 18.Rad1 Qe6 19.Bb3 c4 20.Ba4 a6 21.Rc1 b5 
22.Bd1 Qb6 23.Qf2 b4 24.cxb4 Qxb4 25.Bf3 Rfd8 26.Rcd1 Qa5 27.a3 Rac8 28.
Qh4 Ba8 29.f5 Qb6 30.Qf2 Rb8 31.fxg6 hxg6 32.Rc2 Qf6 33.Nh2 Rb3 34.Nf1 Qe7
35.Re2 f5 36.Nh2 Bh6 37.Nf1 Bg7 38.Qg3 Qf6 39.Qc7 Qd6 40.Qxd6 Rxd6 41.Nd2 
Rd3 42.Rb1 Bc6 43.Kf2 Re6 44.Nf1 Bf8 45.Rc1 Bc5 46.g3 g5 47.Rce1 f4 48.h4 
fxe3+ 49.Kg2 gxh4 50.gxh4 Rg6+ 51.Kh1 d4 52.Bxc6 Rxc6 53.Rg2+ Kh7 54.Ng3 
Rd2 55.Ne4 Rxg2 56.Kxg2 d3 57.Kf3 Bd4 58.a4 e2 59.Rb1 Bxb2 60.Ng5+ Kg6 61.
Ke3 Bc3 0-1

[Event "interzonal (w)"]
[Site "Chisinau MDA"]
[Date "1995.??.??"]
[Round "1"]
[White "Sheremetieva, Marina"]
[Black "Gurieli, Nino"]
[Result "0-1"]
[WhiteElo "2250"]
[BlackElo "2360"]
[EventDate "1995.09.??"]
[PlyCount "92"]

1.e4 g6 2.d4 Bg7 3.Nc3 c6 4.Nf3 d6 5.Be2 b5 6.a3 a6 7.Bf4 Nd7 8.e5 d5 9.
Qd2 Nf8 10.h4 Bg4 11.a4 Bxf3 12.Bxf3 h5 13.Ne2 Nh6 14.Qc3 Qc8 15.Qa5 bxa4 
16.Qxa4 Nd7 17.b3 Nf5 18.c4 e6 19.g3 O-O 20.O-O Qb7 21.Bg2 Rfb8 22.Rfc1 a5
23.cxd5 cxd5 24.Bd2 Qb5 25.Qxb5 Rxb5 26.Rc7 Nxe5 27.Nc3 Rxb3 28.Nxd5 Nf3+ 
29.Bxf3 Rxf3 30.Nb6 Ra6 31.Kg2 Rxf2+ 32.Kxf2 Bxd4+ 33.Kf3 Bxa1 34.Nd7 Kg7 
35.Nc5 Nd4+ 36.Ke4 Rc6 37.Bxa5 Rxc7 38.Bxc7 Nf5 39.Kd3 Kf6 40.Bd8+ Kg7 41.
Bc7 Bc3 42.Kc4 Kf8 43.Kd3 Bg7 44.Ke4 Ke7 45.Bb8 Nd4 46.Bd6+ Kd8 0-1

[Event "interzonal (w)"]
[Site "Chisinau MDA"]
[Date "1995.??.??"]
[Round "1"]
[White "Shumiakina, Tatiana"]
[Black "Thipsay, Bagyashree Sathe"]
[Result "1-0"]
[WhiteElo "2345"]
[BlackElo "2195"]
[EventDate "1995.09.??"]
[PlyCount "80"]

1.d4 f5 2.c4 e6 3.Nc3 Nf6 4.Qc2 d5 5.Bf4 c6 6.e3 Be7 7.Nf3 O-O 8.Bd3 Ne4 
9.g4 Qa5 10.gxf5 exf5 11.cxd5 cxd5 12.Ke2 Be6 13.Qb3 Nxc3+ 14.bxc3 b6 15.
Ng5 Bd7 16.a4 h6 17.Nf3 Rc8 18.Rhc1 g5 19.Bxb8 Raxb8 20.Ne5 Be6 21.Bb5 a6 
22.Nc6 Rxc6 23.Bxc6 Rc8 24.Bb5 Kg7 25.Bd3 Kf6 26.Rab1 Bd8 27.Qb4 Qxb4 28.
cxb4 Rxc1 29.Rxc1 a5 30.bxa5 bxa5 31.Rc6 g4 32.Ba6 Ke7 33.Bc8 Bxc8 34.Rxc8
Kd7 35.Ra8 h5 36.Ra6 h4 37.Rh6 h3 38.Kf1 Ke7 39.Kg1 Bc7 40.Rh7+ Kd8 1-0

[Event "interzonal (w)"]
[Site "Chisinau MDA"]
[Date "1995.??.??"]
[Round "1"]
[White "Wang Lei"]
[Black "Stefanova, Antoaneta"]
[Result "1/2-1/2"]
[WhiteElo "2290"]
[BlackElo "2415"]
[EventDate "1995.09.??"]
[PlyCount "82"]

1.d4 d5 2.Nf3 Nf6 3.c4 c6 4.Nc3 Qb6 5.e3 Bf5 6.cxd5 cxd5 7.Ne5 e6 8.Bb5+ 
Nc6 9.g4 Bg6 10.h4 Ne4 11.Qa4 Nxc3 12.bxc3 Rc8 13.h5 Be4 14.f3 f6 15.Nxc6 
bxc6 16.Be2 Bb1 17.Qb3 Qxb3 18.axb3 Bc2 19.Rxa7 Bxb3 20.Bd3 Rb8 21.h6 gxh6
22.Rh2 c5 23.Bxh7 Bc4 24.Rb2 Rxb2 25.Bg6+ Kd8 26.Bxb2 cxd4 27.exd4 e5 28.
Ra8+ Kc7 29.Ba3 Rg8 30.Bf5 Bxa3 31.Rxg8 Bb2 32.Kd2 exd4 33.cxd4 Bxd4 34.f4
Be3+ 35.Kxe3 d4+ 36.Kxd4 Bxg8 37.Kc5 Bf7 38.Be4 h5 39.g5 fxg5 40.fxg5 h4 
41.g6 Bxg6 1/2-1/2

[Event "interzonal (w)"]
[Site "Chisinau MDA"]
[Date "1995.??.??"]
[Round "1"]
[White "Zhukova, Natalia"]
[Black "Ciuksyte, Dagne"]
[Result "1-0"]
[WhiteElo "2360"]
[BlackElo "2225"]
[EventDate "1995.09.??"]
[PlyCount "77"]

1.d4 d5 2.Nf3 Nf6 3.c4 dxc4 4.e3 Bg4 5.Bxc4 e6 6.h3 Bh5 7.O-O Nbd7 8.Nc3 
Bd6 9.e4 e5 10.dxe5 Nxe5 11.Be2 Bxf3 12.Bxf3 Qe7 13.Be2 O-O-O 14.Qa4 Bc5 
15.Bg5 c6 16.Rac1 Kb8 17.Kh1 h6 18.Bf4 g5 19.Bg3 Bd6 20.b4 Nd3 21.Bxd6+ 
Rxd6 22.Bxd3 Rxd3 23.b5 c5 24.b6 a6 25.Rfe1 Rd4 26.Qa3 Qe5 27.f3 Rc8 28.
Nd5 Nxd5 29.Rxc5 Rd8 30.Rec1 Qg3 31.Rxd5 R4xd5 32.exd5 Qe5 33.Qc5 Re8 34.
Qc7+ Qxc7 35.bxc7+ Kc8 36.d6 Kd7 37.Kg1 Rc8 38.Rd1 b5 39.Kf2 1-0

[Event "interzonal (w)"]
[Site "Chisinau MDA"]
[Date "1995.??.??"]
[Round "2"]
[White "Ciuksyte, Dagne"]
[Black "Semenova, Lidia"]
[Result "1/2-1/2"]
[WhiteElo "2225"]
[BlackElo "2310"]
[EventDate "1995.09.??"]
[PlyCount "84"]

1.e4 e6 2.d4 d5 3.Nc3 dxe4 4.Nxe4 Qd5 5.Nc3 Bb4 6.Nf3 Nf6 7.Bd2 Bxc3 8.
Bxc3 O-O 9.Bd3 b6 10.Qe2 a5 11.Bd2 Bb7 12.O-O Nbd7 13.c4 Qh5 14.Ne5 Qxe2 
15.Bxe2 Nxe5 16.dxe5 Nd7 17.Bc3 Nc5 18.b3 Rfd8 19.Rfd1 Kf8 20.f3 Ke7 21.
Kf2 Na6 22.Rxd8 Rxd8 23.Rd1 Rxd1 24.Bxd1 c5 25.Bc2 h6 26.Ke3 Bc6 27.a3 Kd7
28.Be4 Bxe4 29.Kxe4 Ke7 30.g4 Nb8 31.b4 a4 32.b5 Kf8 33.f4 g6 34.Be1 Nd7 
35.Bh4 Kg7 36.Bd8 Kh7 37.Bc7 Kg7 38.Bd8 Kh7 39.Be7 Kg7 40.h3 Kh7 41.h4 Kg7
42.h5 gxh5 1/2-1/2

[Event "interzonal (w)"]
[Site "Chisinau MDA"]
[Date "1995.??.??"]
[Round "2"]
[White "Gurieli, Nino"]
[Black "Calzetta Ruiz, Monica"]
[Result "1/2-1/2"]
[WhiteElo "2360"]
[BlackElo "2130"]
[EventDate "1995.09.??"]
[PlyCount "81"]

1.Nf3 Nf6 2.c4 g6 3.g3 Bg7 4.Bg2 c5 5.Nc3 O-O 6.O-O Nc6 7.d4 cxd4 8.Nxd4 
a6 9.e3 e6 10.c5 d5 11.cxd6 Nxd4 12.exd4 Qxd6 13.Bf4 Qb4 14.a3 Qa5 15.b4 
Qh5 16.Na4 Bd7 17.Nb6 Rad8 18.Bc7 Bb5 19.Bf3 Qh3 20.Bxd8 Rxd8 21.Re1 Bc6 
22.d5 exd5 23.Bg2 Qf5 24.Nc4 Ng4 25.Ra2 h5 26.h3 Nh6 27.Na5 Qd7 28.Nxc6 
bxc6 29.Qa4 Nf5 30.Qxa6 h4 31.g4 Nd4 32.Qd3 Qd6 33.Qe3 Qe6 34.Rd2 Kh7 35.
Rdd1 Ra8 36.Qf3 Nf5 37.Re3 Ra7 38.Rb3 Rd7 39.Re3 Ra7 40.Rb3 Re7 41.a4 
1/2-1/2

[Event "interzonal (w)"]
[Site "Chisinau MDA"]
[Date "1995.??.??"]
[Round "2"]
[White "Janjgava, Natia"]
[Black "Burtman, Sharon"]
[Result "1-0"]
[WhiteElo "2280"]
[BlackElo "2065"]
[EventDate "1995.09.??"]
[PlyCount "119"]

1.Nf3 f5 2.g3 Nf6 3.Bg2 g6 4.O-O Bg7 5.d4 O-O 6.c4 d6 7.Nc3 Qe8 8.d5 Na6 
9.Nd4 Bd7 10.e4 Nxe4 11.Nxe4 fxe4 12.Bxe4 c6 13.Bg2 c5 14.Ne2 b5 15.cxb5 
Bxb5 16.a4 Bd7 17.Nc3 Rb8 18.Qe2 Nc7 19.Bf4 Qf7 20.Rfd1 Rb4 21.Rd2 Rfb8 
22.Re1 Bxc3 23.bxc3 Rxa4 24.h4 Qf5 25.c4 Rab4 26.Ra2 a6 27.Bd2 Rb2 28.Rxb2
Rxb2 29.Be4 Qe5 30.Qe3 Qd4 31.Bc3 Qxe3 32.Rxe3 Rb8 33.h5 gxh5 34.Bxh7+ 
Kxh7 35.Rxe7+ Kg6 36.Rxd7 Ne8 37.Re7 Ra8 38.Kg2 Kf5 39.f3 a5 40.Kh3 a4 41.
Kh4 a3 42.Re6 a2 43.Kxh5 a1=Q 44.Bxa1 Rxa1 45.g4+ Kf4 46.Rxe8 Kxf3 47.g5 
Kf4 48.Kg6 Rg1 49.Rf8+ Ke5 50.Rf6 Rg4 51.Re6+ Kf4 52.Rxd6 Rxg5+ 53.Kf6 
Rf5+ 54.Ke7 Ke4 55.Re6+ Kd4 56.d6 Rh5 57.d7 Rh7+ 58.Kd6 Rxd7+ 59.Kxd7 Kxc4
60.Kc6 1-0

[Event "interzonal (w)"]
[Site "Chisinau MDA"]
[Date "1995.??.??"]
[Round "2"]
[White "Khurtsidze, Nino"]
[Black "Maksimovic, Suzana"]
[Result "0-1"]
[WhiteElo "2295"]
[BlackElo "2190"]
[EventDate "1995.09.??"]
[PlyCount "58"]

1.d4 Nf6 2.Nf3 c5 3.d5 g6 4.g3 Bg7 5.Bg2 O-O 6.O-O b5 7.d6 Bb7 8.Nc3 a6 9.
Be3 exd6 10.Qxd6 b4 11.Na4 Ne4 12.Qd3 Qc7 13.c4 d6 14.Rad1 Re8 15.Bf4 Bf8 
16.b3 Nd7 17.Ng5 Ndf6 18.Nxe4 Nxe4 19.f3 Nc3 20.Nxc3 bxc3 21.e3 Qa5 22.Rf2
Bg7 23.Rc2 Re6 24.Bh3 f5 25.e4 Rae8 26.Kf1 Bd4 27.Re1 d5 28.e5 Bc6 29.cxd5
Bb5 0-1

[Event "interzonal (w)"]
[Site "Chisinau MDA"]
[Date "1995.??.??"]
[Round "2"]
[White "Lin Ye"]
[Black "Kulish, Irina"]
[Result "1-0"]
[WhiteElo "2205"]
[BlackElo "2300"]
[EventDate "1995.09.??"]
[PlyCount "61"]

1.c4 Nf6 2.Nc3 c5 3.g3 g6 4.Bg2 Bg7 5.e4 Nc6 6.Nge2 O-O 7.O-O d6 8.d3 Rb8 
9.a3 a6 10.Rb1 b5 11.cxb5 axb5 12.b4 Ba6 13.h3 Nd4 14.Be3 Nd7 15.Qd2 Re8 
16.f4 Nf8 17.Kh2 Nxe2 18.Nxe2 Ne6 19.Rfc1 Rc8 20.Nc3 Nd4 21.Kh1 e5 22.Qf2 
Qd7 23.Nd5 exf4 24.Bxf4 Qd8 25.h4 Ne6 26.Be3 Rf8 27.Bh3 Rb8 28.bxc5 dxc5 
29.Bxc5 Nxc5 30.Qxc5 Be5 31.Ne7+ 1-0